Current Level of Ethical Self-regulation of Advertising in Slovakia

Systém regulácie reklamy v podmienkach SR a jej právny systém. Systém etickej samoregulácie reklamy na Slovensku, jej vývoj. Trendy v oblasti samoregulácie reklám. Problémové sektory v tejto oblasti.

Gespeichert in:
Bibliographische Detailangaben
1. Verfasser: Dubcová, Gabriela, 1968-
Weitere Verfasser: Grančičová, Katarína, 1967-, Hrušovská, Dana, 1964-
Format: Buchkapitel
Sprache:Slowakisch
Schlagworte:
Tags: Tag hinzufügen
Keine Tags, Fügen Sie das erste Tag hinzu!

MARC

LEADER 00000naa$a2200000$$$4500
001 0261150
005 20240527090338.9
041 0 |a slo 
044 |a CZ 
245 1 0 |a Current Level of Ethical Self-regulation of Advertising in Slovakia  |c Gabriela Dubcová, Katarína Grančičová, Dana Hrušovská 
520 |a Systém regulácie reklamy v podmienkach SR a jej právny systém. Systém etickej samoregulácie reklamy na Slovensku, jej vývoj. Trendy v oblasti samoregulácie reklám. Problémové sektory v tejto oblasti. 
610 2 0 |a legislatíva 
610 2 0 |a ochrana zdravia 
610 2 0 |a reklama 
610 2 0 |a regulácia 
610 2 0 |a etika 
610 2 0 |a médiá 
100 1 |a Dubcová, Gabriela, 1968- 
700 1 |a Grančičová, Katarína, 1967- 
700 1 |a Hrušovská, Dana, 1964-